000 00793 a2200241 4500
999 _c216374
_d216374
005 20260305160411.0
008 260227b ||||| |||| 00| 0 eng d
020 _a9780324645088
040 _aLC
_cUNZA
_eRDA
050 _aHB 172
_bSNY 2008
100 _aSnyder, Christopher
_eauthor
245 _aMicroeconomic theory :
_bbasic principles and extensions /
_cChristopher Snyder, Dartmouth College and Walter Nicholson, Amherst College.
250 _aTenth edition.
260 _aMason :
_bThomson South-Western,
_c2008.
300 _axxii, 740 pages :
_billustrations.
336 _aText
337 _aUnmediated
338 _aVolume
504 _aIncludes bibliographical references and index.
650 _aMicroeconomics
700 _aNicholson, Walter
_eauthor
942 _cBOOK